All Teams to Ever Play in the WBC - Statistics

General Stats
  • This quiz has been taken 193 times
  • The average score is 18 of 23
Answer Stats
Team % Correct
United States
100%
Japan
97%
Mexico
96%
Canada
93%
China
91%
Venezuela
91%
Dominican Republic
90%
South Korea
90%
Great Britain
87%
Cuba
86%
Colombia
85%
Australia
81%
Puerto Rico
81%
Chinese Taipei
79%
Brazil
77%
Italy
77%
Panama
77%
Netherlands
75%
Nicaragua
75%
Czech Republic
63%
Israel
63%
Spain
58%
South Africa
38%
No matching quizzes found
Score Distribution
Percent of People with Each Score
Percentile by Number Answered
Your Score History
You have not taken this quiz